Univerzitný šport vo svete

Na minha lista:
Detalhes bibliográficos
Autor principal: Dubovský, Július, 1959-
Formato: Capítulo de Livro
Idioma:eslovaco
Assuntos:
Tags: Adicionar Tag
Sem tags, seja o primeiro a adicionar uma tag!

MARC

LEADER 00000naa$a2200000$$$4500
001 0306523
005 20251028104724.6
041 0 |a slo 
044 |a SK 
245 1 0 |a Univerzitný šport vo svete 
500 |a Abstrakt 
610 2 0 |a univerzity 
610 2 0 |a šport 
610 2 0 |a zdravie 
100 1 |a Dubovský, Július, 1959-